LEADER 01654nam a2200313 a 4500 001 000000128860 003 CaOOAMICUS 005 20120515122803.0 008 120515s2007 it u000 u ita r 040 $aPUL$bita 082 04$a347.4505 110 1 $aItalia.$kLeggi, statuti, ecc.$0(OLS)http://pul/name/10145 245 10$aCodice di procedura civile commentato con DVD-Rom /$cEdizione diretta da Claudio Consolo ; a cura di Claudio Consolo [et al.]. 260 $aMilano :$bIpsoa,$c©2007. 300 $a3 v. ;$c22 cm$eDVD-Rom 490 1 $aCommentari 505 1 $av. 1. Artt. 1-322. -- v. 2. Artt. 323-632. -- v. 3. Artt. 633-840 ; disposizioni per l'attuazione. 650 4$aProcedura civile.$0(OLS)http://pul/subject/1677 700 1 $aConsolo, Claudio.$0(OLS)http://pul/name/52935 830 0$aCommentari IPSOA.$0(OLS)http://pul/title/133094 850 $aPUL 852 $aPUL$W1$xDP2 Diritto e Scienze Sociali 3$y110$m347. 4505 CONCL 1.1$j149213$av. 1$qDDC 21$B147764$CPULBib$Z2$F147764 $H104948 $82 852 $aPUL$W1$xDP2 Diritto e Scienze Sociali 3$y110$m347. 4505 CONCL 1.2$j149214$av. 2$qDDC 21$B147765$CPULBib$Z2$F147765 $H104949 $82 852 $aPUL$W1$xDP2 Diritto e Scienze Sociali 3$y110$m347. 4505 CONCL 1.3$j149215$av. 3$qDDC 21$B147766$CPULBib$Z2$F147766 $H104950 $82 941 1 $a9 996 $6082$a347.4505$9(OLS)http://pul/classification/2032 996 $6245$aCodice di procedura civile commentato con DVD-Rom$9(OLS)http://pul/title/162831 996 $6260$aMilano :$bIpsoa$9(OLS)http://pul/publisher/67046 LEADER 01392namaa2200349 i 4500 001 000000177476 003 CaOOAMICUS 005 20250109100223.0 007 tu 008 250109s it 000 u ita r 020 $a979-12-2230-860-9* 040 $aPUL$bita$erda 082 0 $a302.23 245 00$aComunicare il vero e il falso :$bla comunicazione oggi tra mondo digitale, etica e neuroscienze /$ca cura di Giorgio Sandrini...[et al.]. 264 4$c©2024. 264 1$aMilano ; Udine :$bMimesis,$c[2024] 300 $a275 pagine ;$c21 cm 336 $atesto$btxt$2rdacontent 337 $asenza mediazione$bn$2rdamedia 338 $avolume$bnc$2rdacarrier 490 1 $aMimesis ;$v 504 $aBibliografia in nota a piè pagina. 650 4$aComunicazione$xEtica.$0(OLS)http://pul/subject/38798 700 1 $aSandrini, Giorgio,$d1950-,$ecuratore.$0(OLS)http://pul/name/114165 850 $aPUL 852 $aPUL$W1$xSL Diritto e Scienze Sociali 3$y79$m302. 23 SANGI 1$j201430$qDDC 21$B206450$CPULBib$Z2$F206450 $H137569 $82 941 1 $a9 996 $6020$a979-12-2230-860-9*$9(OLS)http://pul/number/170146 996 $6082$a302.23$9(OLS)http://pul/classification/1682 996 $6264$aMilano ; Udine :$bMimesis$9(OLS)http://pul/publisher/81060 996 $6264$a[S.l.] :$b[s.n.]$9(OLS)http://pul/publisher/0